| 000 | 00364nam a2200157Ia 4500 | ||
|---|---|---|---|
| 100 | _aMantel/Samuel J/ Meredith/Jack R | ||
| 650 | _aProject Management | ||
| 942 | _cBK | ||
| 366 | _f25 | ||
| 245 | _aProject Management:Core text book | ||
| 260 |
_bWiley India _c2006 |
||
| 082 |
_a658.404 _bMAN |
||
| 300 | _a386 | ||
| 546 |
_aENGLISH _cInfo.Tech |
||
| 999 |
_c35489 _d35489 |
||